Online
Catalog

Historia del tiempo : (Record no. 40129)

MARC details
000 -CABECERA
campo de control de longitud fija 00814nam a2200217 a 4500
001 - NÚMERO DE CONTROL
campo de control 000040639
005 - FECHA Y HORA DE LA ÚLTIMA TRANSACCIÓN
campo de control 20201002034253.0
008 - DATOS DE LONGITUD FIJA--INFORMACIÓN GENERAL
campo de control de longitud fija 130904s1993 sp a r 000 0 spa d
020 ## - NÚMERO INTERNACIONAL ESTÁNDAR DEL LIBRO
Número Internacional Estándar del Libro 8447302083
020 ## - NÚMERO INTERNACIONAL ESTÁNDAR DEL LIBRO
Número Internacional Estándar del Libro 8447301745 (obra completa)
040 ## - FUENTE DE LA CATALOGACIÓN
Centro catalogador/agencia de origen DO-SdBNP
Lengua de catalogación spa
Centro/agencia transcriptor BNPHU
082 ## - NÚMERO DE LA CLASIFICACIÓN DECIMAL DEWEY
Número de clasificación xxxx
Número de documento/Ítem H392b
100 1# - ENTRADA PRINCIPAL--NOMBRE DE PERSONA
Nombre de persona Hawking, Stephen
9 (RLIN) 66996
240 10 - TÍTULO UNIFORME
Título uniforme A brief history of time. From the big bang to black holes
Lenguaje de la obra Español
245 10 - MENCIÓN DE TÍTULO
Título Historia del tiempo :
Resto del título del big bang a los agujeros negros /
Mención de responsabilidad, etc. Stephen Hawkin;introducción Miguel Ortuño ; traducción Miguel Ortuño ; introducción Carl Sagan.
260 ## - PUBLICACIÓN, DISTRIBUCIÓN, ETC.
Lugar de publicación, distribución, etc. Barcelona :
Nombre del editor, distribuidor, etc. Pérez Galdós,
Fecha de publicación, distribución, etc. 1993.
300 ## - DESCRIPCIÓN FÍSICA
Extensión 238 p. :
Otras características físicas il. ;
Dimensiones 21 cm.
590 ## - NOTA LOCAL (RLIN)
Nota local Inventariado, 2019/BT
700 1# - PUNTO DE ACCESO ADICIONAL--NOMBRE DE PERSONA
Nombre de persona Ortuño, Miguel,
Término indicativo de función/relación tr.
9 (RLIN) 66984
700 1# - PUNTO DE ACCESO ADICIONAL--NOMBRE DE PERSONA
Nombre de persona Sagan, Carl,
Término indicativo de función/relación int..
9 (RLIN) 66997
Holdings
Estado de retiro Estado de pérdida Restricciones de uso No para préstamo Código de colección Localización permanente Ubicación/localización actual Ubicación en estantería Fecha de adquisición Número de inventario Total de préstamos Signatura topográfica completa Código de barras Fecha visto por última vez Precio válido a partir de Tipo de ítem Koha Nota pública
      Excluido de préstamo Monografías: Libros y Folletos General General Depósito 04.09.2013 LF1   xxxx H392b 40639-10 25.06.2020 25.06.2020 No se presta Perteneció a la cbiblioteca personal de Bolivar Abreu.

Powered by Koha